Cricket: Highest Individual ODI Score by Batting Position - Statistics

General Stats
  • This quiz has been taken 26 times
  • The average score is 7 of 11
Answer Stats
For Against Year Position Score Answer % Correct
IND SL 2014 Opener 264 (173) Rohit Sharma
100%
NZ WI 2015 Opener 237* (163) Martin Guptill
96%
SA WI 2015 5 162* (66) AB de Villiers
88%
WI ENG 1984 4 189* (170) Sir Viv Richards
88%
IND ZIM 1983 6 175* (138) Kapil Dev
83%
ENG SL 2016 8 95* (92) Chris Woakes
58%
NZ SL 2015 7 170* (99) Luke Ronchi
50%
ZIM BAN 2009 3 194* (156) Charles Coventry
38%
PAK ENG 2016 11 58 (28) Mohammad Amir
38%
WI IND 2011 9 92* (64) Andre Russell
25%
WI IND 2011 10 86* (66) Ravi Rampaul
25%
No matching quizzes found
Score Distribution
Percent of People with Each Score
Percentile by Number Answered
Your Score History
You have not taken this quiz